1947 1020 1788 1473 1880 1987 1736 1053 1128 1642 1491 1207 1785 1774 1090 1798 1665 1736 1270 1265 1863 1301 1272 1994 1907 1800 1702 1864 1426 1109 1343 1554 1726 1462 1498 1145 1979 1960 1803 1652 1589 1106 1460 1777 1606 1402 1794 1959 1244 1516 1146 1104 1108 1375 1017 1620 1479 1897 1696 1825 1561 1252 1181 1874 1630 1168 1051 1902 1336 1071 1304 1961 1417 1723 1531 1416 1774 1446 1879 1380 1711 1285 1822 1923 1464 1512 1685 1553 1329 1215 1823 1953 1299 1551 1720 1686 1480 1192 1158 BCNSPRNW ULIB Ver.6.0+V

เปลี่ยนเป็นภาษาไทย

Change to English
 แสดงรายละเอียดบรรณานุกรม
  กลับหน้าหลัก

Brief Record : Get Marc (ISO 2709) : E-mail record : QR code < ปิดหน้าต่าง
LEADER : 00000nam 2200000uu 4500
001    13399114999
003     ULIB
008    120627s2552||||th 000 0 tha d
020    ^a9786110600064
090    ^aนว.^bA111จ 2552
100 0  ^aAndra
245 00 ^aหนึ่งจันทร์กลางใจ/^cAndra
250    ^aพิมพ์ครั้งที่ 2
260    ^aกรุงเทพฯ :^cแจ่มใส,^c2552
300    ^a359 หน้า
945    ^p15771^l0^i15771
995    ^aกัณชพร
999    ^aใช้งานได้ทุกระบบ
รายการนี้ยังไม่มีแท็ก
คุณยังไม่ได้ล็อกอิน คุณสามารถมีกิจกรรมร่วมกับเว็บไซต์ได้ แต่ต้องล็อกอินก่อน ::
  ล็อกอิน

รายการสื่อสารสนเทศ

ลำดับที่ ประเภท เลขเรียก/บาร์โค้ด สถานที่ สถานะ
1. นวนิยาย
นวนิยาย
นว. A111จ 2552  
  Barcode: 15771
ห้องสมุดวิทยาเขตสวรรค์ประชารักษ์
►นวนิยาย
บนชั้น
  ขอยืม

รายการใกล้เคียง
    ผู้แต่ง [Andra]

BibComment


ยังไม่เคยถูกคอมเมนท์

คอมเมนท์ทรัพยากรรายการนี้
  คอมเมนท์: หนึ่งจันทร์กลางใ..


 Copyright 2026. Bcnsprnw @Library